[Event "Bulgaria tch 2005 femenino"]
[Site "Sunny Beach BUL"]
[Date "2005.09.26"]
[Round "1.3"]
[White "Andreeva, Plamena"]
[Black "Petkova, Veneta"]
[Result "1/2-1/2"]
[WhiteElo "2072"]
[BlackElo "1952"]
[PlyCount "40"]
[EventDate "2005.09.26"]
[EventType "tourn"]
[EventRounds "9"]
[EventCountry "BUL"]
[Source "lmi"]
[SourceDate "2005.10.02"]

1. e4 e6 2. Nc3 d5 3. Nf3 Nf6 4. e5 Nfd7 5. d4 c5 6. dxc5 Bxc5 7. Bd3 Nc6 8.
Bf4 a6 9. Qe2 b5 10. Ng5 Ndxe5 11. Bxe5 Qxg5 12. f4 Qe7 13. Bxg7 Rg8 14. Be5
Nxe5 15. fxe5 Qh4+ 16. Kd1 Bd7 17. Qf3 Bc6 18. Ne2 Rc8 19. g3 Qh6 20. c3 d4
1/2-1/2

[Event "Bulgaria tch 2005 femenino"]
[Site "Sunny Beach BUL"]
[Date "2005.09.26"]
[Round "1.3"]
[White "Jordanova, Svetla"]
[Black "Andreeva, Veronika"]
[Result "1-0"]
[WhiteElo "2179"]
[BlackElo "1905"]
[PlyCount "87"]
[EventDate "2005.09.26"]
[EventType "tourn"]
[EventRounds "9"]
[EventCountry "BUL"]
[Source "lmi"]
[SourceDate "2005.10.02"]

1. c4 Nf6 2. Nc3 e5 3. Nf3 d6 4. d4 Nbd7 5. e4 exd4 6. Nxd4 Nc5 7. f3 g6 8. Be3
Bg7 9. Qd2 Ne6 10. O-O-O Nxd4 11. Bxd4 O-O 12. g4 Be6 13. Kb1 a6 14. h4 Qe7 15.
h5 Rfd8 16. Be2 c6 17. Bb6 Rd7 18. Be3 b5 19. Bh6 Qf8 20. Bxg7 Qxg7 21. h6 Qh8
22. Qf4 Ne8 23. Qe3 Rb7 24. c5 b4 25. Na4 d5 26. exd5 cxd5 27. Nb6 Rd8 28. Nxd5
Rbd7 29. Nb6 Rxd1+ 30. Rxd1 Rxd1+ 31. Bxd1 Qf6 32. Bc2 Kf8 33. g5 Qe7 34. b3 f6
35. f4 Kf7 36. Bd3 Nc7 37. Kb2 Qd8 38. Nc4 Nd5 39. Qd4 Qc7 40. Nd6+ Ke7 41. f5
gxf5 42. Bxf5 fxg5 43. Qg7+ Kd8 44. Bxe6 1-0

[Event "Bulgaria tch 2005 femenino"]
[Site "Sunny Beach BUL"]
[Date "2005.09.26"]
[Round "1.3"]
[White "Bednikova, Stefi"]
[Black "Doncheva, Marinela"]
[Result "1/2-1/2"]
[WhiteElo "2053"]
[BlackElo "2070"]
[PlyCount "59"]
[EventDate "2005.09.26"]
[EventType "tourn"]
[EventRounds "9"]
[EventCountry "BUL"]
[Source "lmi"]
[SourceDate "2005.10.02"]

1. e4 e5 2. Nf3 d6 3. d4 Nf6 4. dxe5 Nxe4 5. Qd5 Nc5 6. Bg5 Be7 7. exd6 Qxd6 8.
Nc3 Nba6 9. O-O-O Qxd5 10. Nxd5 Bxg5+ 11. Nxg5 c6 12. Re1+ Kf8 13. Ne7 Bd7 14.
Bc4 Be8 15. a3 h6 16. Nf3 Bd7 17. Nd4 g6 18. b4 Re8 19. Nexc6 bxc6 20. bxc5
Nxc5 21. Rxe8+ Bxe8 22. Re1 Rh7 23. Re5 Nb7 24. Ba6 Nd8 25. Bd3 f5 26. f4 Re7
27. Nf3 Nb7 28. h4 Rxe5 29. Nxe5 Nc5 30. Kd2 1/2-1/2

[Event "Bulgaria tch 2005 femenino"]
[Site "Sunny Beach BUL"]
[Date "2005.09.26"]
[Round "1.4"]
[White "Vladimirova, Maria"]
[Black "Zlatanova, Emilia"]
[Result "0-1"]
[WhiteElo "1953"]
[BlackElo "2147"]
[PlyCount "102"]
[EventDate "2005.09.26"]
[EventType "tourn"]
[EventRounds "9"]
[EventCountry "BUL"]
[Source "lmi"]
[SourceDate "2005.10.02"]

1. e4 e5 2. Nf3 Nc6 3. Bb5 a6 4. Ba4 Nf6 5. O-O Be7 6. Re1 b5 7. Bb3 d6 8. c3
O-O 9. h3 Na5 10. Bc2 c5 11. d4 Nd7 12. Nbd2 cxd4 13. cxd4 Nc6 14. d5 Nb4 15.
Bb1 a5 16. a3 Na6 17. Qe2 b4 18. Nf1 Ndc5 19. Qe3 f5 20. exf5 Bxf5 21. Bxf5
Rxf5 22. Ng3 Rf4 23. Qe2 Rf8 24. Qc4 Rc8 25. Nxe5 Bf6 26. Nc6 Qb6 27. Ne7+ Bxe7
28. Rxe7 Nb3 29. Qxb3 Qxf2+ 30. Kh2 Rc2 31. Re2 Rxe2 32. Nxe2 Qxe2 33. Qe3 Qxe3
34. Bxe3 b3 35. Rc1 Re8 36. Bd4 Re4 37. Rc8+ Kf7 38. Bc3 Re2 39. Rc6 Nc5 40.
Rxd6 Ne4 41. Rd7+ Ke8 42. Rb7 Nxc3 43. bxc3 a4 44. Ra7 Re1 45. Rb7 Rc1 46. Rb4
Ra1 47. c4 Rxa3 48. c5 Ra1 49. c6 Rc1 50. Rb8+ Ke7 51. Rb7+ Kd6 0-1

[Event "Bulgaria tch 2005 femenino"]
[Site "Sunny Beach BUL"]
[Date "2005.09.26"]
[Round "1.4"]
[White "Dimitrova, Leila"]
[Black "Vladimirova, Diana"]
[Result "1-0"]
[WhiteElo "2119"]
[BlackElo "1771"]
[PlyCount "77"]
[EventDate "2005.09.26"]
[EventType "tourn"]
[EventRounds "9"]
[EventCountry "BUL"]
[Source "lmi"]
[SourceDate "2005.10.02"]

1. e4 e5 2. Bc4 Nf6 3. Nf3 d6 4. d3 Be7 5. O-O Bg4 6. Re1 O-O 7. c3 c6 8. Bb3
Nbd7 9. Nbd2 Nc5 10. Bc2 Ne6 11. h3 Bh5 12. Nf1 Qc7 13. Ng3 Bg6 14. Qe2 Nh5 15.
Nf5 Nhf4 16. Qf1 Bh5 17. Nh2 Ng5 18. h4 Nge6 19. g3 Ne2+ 20. Rxe2 Bxe2 21. Qxe2
Bf6 22. Ng4 Bd8 23. Bd2 h5 24. Nh2 g6 25. Ne3 Qd7 26. Ng2 Ng7 27. f4 f6 28. Be3
d5 29. Bb3 Kh7 30. Rf1 Bc7 31. Qf3 dxe4 32. dxe4 Bb6 33. Bxb6 axb6 34. Ne3 Rad8
35. f5 g5 36. hxg5 fxg5 37. f6 g4 38. Nhxg4 hxg4 39. Qh1+ 1-0

[Event "Bulgaria tch 2005 femenino"]
[Site "Sunny Beach BUL"]
[Date "2005.09.27"]
[Round "2.1"]
[White "Petkova, Veneta"]
[Black "Vladimirova, Maria"]
[Result "1/2-1/2"]
[WhiteElo "1952"]
[BlackElo "1953"]
[PlyCount "71"]
[EventDate "2005.09.26"]
[EventType "tourn"]
[EventRounds "9"]
[EventCountry "BUL"]
[Source "lmi"]
[SourceDate "2005.10.02"]

1. e4 e5 2. Nf3 Nc6 3. Bc4 Nf6 4. d3 Bc5 5. c3 d6 6. Bb3 h6 7. h3 O-O 8. Nbd2
Re8 9. O-O Bb6 10. Re1 Ne7 11. Nf1 Ng6 12. Ng3 Nf4 13. d4 Ng6 14. Bc2 Bd7 15.
Nf5 Bc6 16. d5 Bd7 17. g4 Nh7 18. a4 a6 19. b4 Bxf5 20. exf5 Nh4 21. Be3 Bxe3
22. Rxe3 a5 23. Rb1 b6 24. Kh2 Nxf3+ 25. Qxf3 Qh4 26. Qg3 Qxg3+ 27. Kxg3 Nf6
28. c4 axb4 29. Rxb4 Nd7 30. Ra3 Nc5 31. Rb5 Ra5 32. Ra1 Rea8 33. Rxa5 Rxa5 34.
Kf3 Kf8 35. Ke3 Ke7 36. f3 1/2-1/2

[Event "Bulgaria tch 2005 femenino"]
[Site "Sunny Beach BUL"]
[Date "2005.09.27"]
[Round "2.1"]
[White "Vladimirova, Diana"]
[Black "Jordanova, Svetla"]
[Result "0-1"]
[WhiteElo "1771"]
[BlackElo "2179"]
[PlyCount "74"]
[EventDate "2005.09.26"]
[EventType "tourn"]
[EventRounds "9"]
[EventCountry "BUL"]
[Source "lmi"]
[SourceDate "2005.10.02"]

1. e4 c5 2. Nc3 d6 3. g3 Nc6 4. d3 g6 5. Be3 Bg7 6. Qd2 Rb8 7. Bg2 Qa5 8. Nge2
Nd4 9. Bxd4 cxd4 10. Nd5 Qxd2+ 11. Kxd2 Kd8 12. c3 e6 13. Nb4 dxc3+ 14. bxc3
Bh6+ 15. f4 Bd7 16. Rhb1 Rc8 17. Nc2 b5 18. Ncd4 a6 19. Nf3 Ne7 20. Ng5 Ke8 21.
Nd4 e5 22. Ne2 f6 23. Nf3 Kf7 24. d4 Rhe8 25. Kd3 d5 26. Nd2 f5 27. dxe5 fxe4+
28. Kd4 Be6 29. c4 Nf5+ 30. Kc3 Ne3 31. Bf1 Nxc4 32. Nxc4 Rxc4+ 33. Kb2 Rec8
34. Rc1 Rb4+ 35. Ka3 Bf8 36. Rxc8 Bxc8 37. Rc1 Rb1+ 0-1

[Event "Bulgaria tch 2005 femenino"]
[Site "Sunny Beach BUL"]
[Date "2005.09.27"]
[Round "2.2"]
[White "Bednikova, Stefi"]
[Black "Ilieva, Hristina"]
[Result "1/2-1/2"]
[WhiteElo "2053"]
[BlackElo "2137"]
[PlyCount "77"]
[EventDate "2005.09.26"]
[EventType "tourn"]
[EventRounds "9"]
[EventCountry "BUL"]
[Source "lmi"]
[SourceDate "2005.10.02"]

1. e4 c6 2. Nc3 d5 3. Nf3 Bg4 4. exd5 cxd5 5. h3 Bxf3 6. Qxf3 Nf6 7. d4 Nc6 8.
Bb5 e6 9. Bg5 Be7 10. O-O Rc8 11. Rfe1 O-O 12. Ne2 Nb4 13. Bd3 Rxc2 14. Bxc2
Nxc2 15. Qb3 Nxa1 16. Rxa1 Qd7 17. Rc1 Rc8 18. Rxc8+ Qxc8 19. Nc3 h6 20. Bf4
Ne8 21. Qa4 a6 22. Qd1 Qc4 23. Be3 Nd6 24. g4 b5 25. a3 a5 26. Kg2 b4 27. axb4
axb4 28. Na4 Nb5 29. b3 Qc6 30. Qd2 Nc3 31. Qc1 e5 32. f3 Bf6 33. dxe5 Bxe5 34.
Nb2 Qb5 35. Qd2 d4 36. Bxd4 Bxd4 37. Qxd4 Qe2+ 38. Qf2 Qe6 39. Nc4 1/2-1/2

[Event "Bulgaria tch 2005 femenino"]
[Site "Sunny Beach BUL"]
[Date "2005.09.27"]
[Round "2.2"]
[White "Nikolova, Adriana"]
[Black "Tsvetkova, Svetlana"]
[Result "1-0"]
[WhiteElo "2035"]
[BlackElo "1906"]
[PlyCount "75"]
[EventDate "2005.09.26"]
[EventType "tourn"]
[EventRounds "9"]
[EventCountry "BUL"]
[Source "lmi"]
[SourceDate "2005.10.02"]

1. e4 c5 2. Nf3 e6 3. d4 cxd4 4. Nxd4 Bc5 5. Nb3 Bb6 6. Nc3 Ne7 7. Bf4 O-O 8.
Bd6 f5 9. e5 f4 10. Ne4 Nbc6 11. Ng5 Rf5 12. Nf3 Bc7 13. Bd3 Rf8 14. Qd2 Bxd6
15. exd6 Nf5 16. Qxf4 b6 17. Qd2 Bb7 18. O-O-O Rc8 19. Kb1 a5 20. a3 a4 21. Nc1
Na5 22. Qb4 Bc6 23. Ne5 Nb7 24. Nxc6 dxc6 25. d7 Rc7 26. Qxb6 Rxd7 27. Qxc6 Nd4
28. Qe4 g6 29. c3 Nc5 30. Qe3 Ndb3 31. Bc2 Nd2+ 32. Ka2 Ndb3 33. Nxb3 axb3+ 34.
Bxb3 Nxb3 35. Qxe6+ Rff7 36. Rxd7 Qxd7 37. Qxd7 Rxd7 38. Kxb3 1-0

[Event "Bulgaria tch 2005 femenino"]
[Site "Sunny Beach BUL"]
[Date "2005.09.27"]
[Round "2.3"]
[White "Genova, Ruzka"]
[Black "Voiska, Margarita"]
[Result "0-1"]
[WhiteElo "2219"]
[BlackElo "2328"]
[PlyCount "58"]
[EventDate "2005.09.26"]
[EventType "tourn"]
[EventRounds "9"]
[EventCountry "BUL"]
[Source "lmi"]
[SourceDate "2005.10.02"]

1. d4 e6 2. c4 Nf6 3. Nf3 c5 4. d5 b5 5. dxe6 fxe6 6. cxb5 Bb7 7. e3 Be7 8. Be2
O-O 9. Nc3 d5 10. O-O Qd6 11. b3 Nbd7 12. a4 e5 13. e4 d4 14. Bc4+ Kh8 15. Ng5
dxc3 16. Qc2 h6 17. Nf7+ Rxf7 18. Bxf7 Rf8 19. Bc4 Nxe4 20. Be3 Bg5 21. Bxg5
Nxg5 22. Rad1 Qe7 23. Qxc3 {Diagram #} Nf3+ $1 24. Kh1 Qh4 25. h3 Qf4 26. g3
Qf5 27. Kg2 Ng5+ 28. Bd5 Bxd5+ 29. Rxd5 Qxh3+ 0-1

[Event "Bulgaria tch 2005 femenino"]
[Site "Sunny Beach BUL"]
[Date "2005.09.27"]
[Round "2.3"]
[White "Djingarova, Emilia"]
[Black "Genova, Liubka"]
[Result "1/2-1/2"]
[WhiteElo "2277"]
[BlackElo "2235"]
[PlyCount "51"]
[EventDate "2005.09.26"]
[EventType "tourn"]
[EventRounds "9"]
[EventCountry "BUL"]
[Source "lmi"]
[SourceDate "2005.10.02"]

1. d4 Nf6 2. Nf3 g6 3. Nc3 d5 4. Bf4 Bg7 5. e3 c6 6. Be2 Nbd7 7. Ne5 Nf8 8. g4
h5 9. g5 N6d7 10. Nxd7 Bxd7 11. h4 Qb6 12. Qd2 Ne6 13. Bg3 Qa5 14. a3 c5 15.
Nxd5 Qxd2+ 16. Kxd2 cxd4 17. e4 Rd8 18. Bd3 Bc6 19. Nb4 Nc5 20. Nxc6 bxc6 21.
Rhe1 e5 22. f4 exf4 23. Bxf4 O-O 24. Re2 Rfe8 25. Rf1 Rd7 26. Kc1 1/2-1/2

[Event "Bulgaria tch 2005 femenino"]
[Site "Sunny Beach BUL"]
[Date "2005.09.27"]
[Round "2.3"]
[White "Savova, Stefka"]
[Black "Chilingirova, Pavlina"]
[Result "0-1"]
[WhiteElo "2211"]
[BlackElo "2200"]
[PlyCount "174"]
[EventDate "2005.09.26"]
[EventType "tourn"]
[EventRounds "9"]
[EventCountry "BUL"]
[Source "lmi"]
[SourceDate "2005.10.02"]

1. e4 c5 2. Nf3 d6 3. d3 g6 4. Nbd2 Bg7 5. c3 Nc6 6. Be2 e5 7. Nf1 Nge7 8. Ng3
d5 9. Qc2 O-O 10. h4 h6 11. Be3 b6 12. Qc1 h5 13. Bh6 f6 14. Bd2 Be6 15. Qc2
Qd7 16. Rd1 Rac8 17. O-O Rfd8 18. Rfe1 Qe8 19. Bc1 Qf7 20. b3 a5 21. Qb1 b5 22.
d4 cxd4 23. cxd4 exd4 24. Bxb5 dxe4 25. Nxe4 Nf5 26. Neg5 fxg5 27. Nxg5 Qb7 28.
Bxc6 Rxc6 29. Nxe6 Rdc8 30. Nxg7 Kxg7 31. Qe4 Qb4 32. Qe5+ Kh7 33. Bd2 Qa3 34.
Qxa5 Qd6 35. Bg5 Rc2 36. Qe5 Qxe5 37. Rxe5 Rxa2 38. Rd5 Rc7 39. b4 Rb2 40. b5
Rb7 41. Bf6 R2xb5 42. Rd8 Rb8 43. Rd7+ Kg8 44. Bxd4 Rb1 45. Bf6 Rxd1+ 46. Rxd1
Rb7 47. g3 Kf7 48. Bg5 Rc7 49. Kg2 Rb7 50. Rd2 Ke6 51. Re2+ Kf7 52. Re5 Nd4 53.
Rd5 Ne6 54. Bd2 Ke7 55. Bc3 Rc7 56. Bb4+ Kf7 57. Ba3 Ra7 58. Bb2 Rb7 59. Be5
Ke7 60. Ra5 Kf7 61. Ra6 Rd7 62. Ba1 Ke7 63. Ra8 Nd8 64. Bc3 Ke6 65. Bb2 Kf7 66.
Rc8 Ke6 67. Bc3 Kf7 68. f3 Ke6 69. Ba5 Nf7 70. Rc6+ Rd6 71. Rc8 Ra6 72. Bc3
Ra2+ 73. Kh3 Rc2 74. Rc6+ Kd5 75. Rf6 Rxc3 76. Rxf7 Ke6 77. Rf4 Ra3 78. g4
hxg4+ 79. Kxg4 Ra5 80. Rb4 Kf6 81. Rb6+ Kg7 82. Re6 Rc5 83. f4 Rc1 84. Re5 Kf6
85. Re3 Rg1+ 86. Rg3 Ra1 87. Rg1 $4 Rxg1+ 0-1

[Event "Bulgaria tch 2005 femenino"]
[Site "Sunny Beach BUL"]
[Date "2005.09.27"]
[Round "2.4"]
[White "Shtereva, Slaveja"]
[Black "Boneva, Zvezdelina"]
[Result "1-0"]
[WhiteElo "2118"]
[BlackElo "2010"]
[PlyCount "77"]
[EventDate "2005.09.26"]
[EventType "tourn"]
[EventRounds "9"]
[EventCountry "BUL"]
[Source "lmi"]
[SourceDate "2005.10.02"]

1. c4 c5 2. e4 e5 3. Nc3 Nc6 4. g3 g6 5. Bg2 Bg7 6. Nge2 Nge7 7. O-O O-O 8. d3
d6 9. a3 a6 10. Rb1 Nd4 11. b4 b6 12. f4 Ra7 13. bxc5 bxc5 14. Nxd4 cxd4 15.
Na4 Be6 16. Bd2 f5 17. fxe5 dxe5 18. Nc5 Bf7 19. Qb3 Qc7 20. Qb6 Rc8 21. Nxa6
Qxb6 22. Rxb6 Be8 23. Bb4 fxe4 24. Bxe4 Bc6 25. Bxc6 Nxc6 26. Nc5 Ne7 27. Ne4
Rc6 28. Rb8+ Rc8 29. Rxc8+ Nxc8 30. Nf6+ Kh8 31. Ne8 Bh6 32. Rf6 Ne7 33. Re6
Nf5 34. Rxe5 Rf7 35. Nd6 Nxd6 36. Bxd6 Be3+ 37. Kg2 g5 38. Re8+ Kg7 39. Re7 1-0

[Event "Bulgaria tch 2005 femenino"]
[Site "Sunny Beach BUL"]
[Date "2005.09.27"]
[Round "2.4"]
[White "Nedelcheva, Vania"]
[Black "Georgieva, Emilia"]
[Result "0-1"]
[WhiteElo "1705"]
[BlackElo "2076"]
[PlyCount "106"]
[EventDate "2005.09.26"]
[EventType "tourn"]
[EventRounds "9"]
[EventCountry "BUL"]
[Source "lmi"]
[SourceDate "2005.10.02"]

1. c4 c6 2. Nc3 d5 3. cxd5 cxd5 4. d4 Nf6 5. Nf3 g6 6. Bf4 Bg7 7. e3 Nc6 8. Bb5
O-O 9. Bxc6 bxc6 10. Ne5 Qb6 11. b3 Ba6 12. Na4 Qb4+ 13. Qd2 Qxd2+ 14. Kxd2
Ne4+ 15. Ke1 Bxe5 16. Bxe5 f6 17. Bg3 Bb5 18. Nb2 c5 19. dxc5 Nxc5 20. b4 Ne4
21. f3 Nxg3 22. hxg3 a5 23. bxa5 Rxa5 24. Kd2 Rfa8 25. a4 Bxa4 26. Nxa4 Rxa4
27. Rxa4 Rxa4 28. Rc1 Ra2+ 29. Rc2 Ra1 30. Rc1 Ra7 31. Rc5 Rd7 32. Kd3 e5 33.
g4 Kf7 34. g3 h6 35. f4 Ke6 36. Rc6+ Rd6 37. f5+ gxf5 38. gxf5+ Kd7 39. Rc1 Ra6
40. Rh1 Ra3+ 41. Kd2 Ra2+ 42. Kd3 e4+ 43. Kc3 Re2 44. Kd4 Kd6 45. Rxh6 Rd2+ 46.
Kc3 Rd3+ 47. Kc2 Ke5 48. g4 Rxe3 49. Rh8 Rg3 50. Re8+ Kd4 51. Re6 Rxg4 52. Rxf6
Ke5 53. Rf8 Rf4 0-1

[Event "Bulgaria tch 2005 femenino"]
[Site "Sunny Beach BUL"]
[Date "2005.09.27"]
[Round "3.1"]
[White "Boneva, Zvezdelina"]
[Black "Djingarova, Emilia"]
[Result "1/2-1/2"]
[WhiteElo "2010"]
[BlackElo "2277"]
[PlyCount "109"]
[EventDate "2005.09.26"]
[EventType "tourn"]
[EventRounds "9"]
[EventCountry "BUL"]
[Source "lmi"]
[SourceDate "2005.10.02"]

1. e4 c5 2. Nf3 d6 3. c3 Nf6 4. Bc4 Nc6 5. d3 a6 6. Bb3 Bg4 7. Nbd2 e6 8. h3
Bh5 9. g4 Bg6 10. Nf1 d5 11. e5 Nd7 12. d4 cxd4 13. cxd4 Qb6 14. Be3 Be7 15.
N1d2 Rc8 16. Rc1 O-O 17. a3 Na5 18. Rxc8 Rxc8 19. O-O Nxb3 20. Qxb3 Qc7 21. Ne1
h5 22. f4 hxg4 23. hxg4 f5 24. g5 Kf7 25. Kg2 Nb6 26. Nef3 Bh5 27. Nb1 Nc4 28.
Bc1 Rh8 29. Nh4 Na5 30. Qc3 Qxc3 31. Nxc3 Nb3 32. Be3 Bd8 33. Na4 Be2 34. Rh1
Be7 35. Nc3 Bd3 36. Kg3 Rc8 37. Rh2 Na5 38. Nf3 Nc4 39. Nd1 b5 40. Bf2 Be2 41.
Ne3 Nxb2 42. Nh4 Bd3 43. Be1 Bxa3 44. g6+ Kg8 45. Nf3 Nc4 46. Nxc4 Bxc4 47. Ng5
Rc6 48. Nf7 Kf8 49. Rh8+ Ke7 50. Kg2 Kd7 51. Rd8+ Kc7 52. Ba5+ Kb7 53. Rd7+ Kc8
54. Rd8+ Kb7 55. Rd7+ 1/2-1/2

[Event "Bulgaria tch 2005 femenino"]
[Site "Sunny Beach BUL"]
[Date "2005.09.27"]
[Round "3.1"]
[White "Chilingirova, Pavlina"]
[Black "Nedelcheva, Vania"]
[Result "1-0"]
[WhiteElo "2200"]
[BlackElo "1705"]
[PlyCount "69"]
[EventDate "2005.09.26"]
[EventType "tourn"]
[EventRounds "9"]
[EventCountry "BUL"]
[Source "lmi"]
[SourceDate "2005.10.02"]

1. c4 c6 2. Nf3 Nf6 3. b3 d5 4. e3 e6 5. Bb2 Be7 6. Be2 Nbd7 7. O-O O-O 8. Qc2
b6 9. d3 Bb7 10. Nbd2 Rc8 11. Rac1 Qc7 12. cxd5 Nxd5 13. Nc4 Qb8 14. Qb1 Bf6
15. d4 c5 16. dxc5 Nxc5 17. Nce5 Rfd8 18. Rfd1 Qa8 19. Bf1 Qb8 20. Bd4 Nd7 21.
Rxc8 Qxc8 22. Rc1 Qb8 23. Qb2 Nxe5 24. Nxe5 Rc8 25. Rxc8+ Qxc8 26. Nc4 Bxd4 27.
Qxd4 Qa8 28. Nd6 Bc6 29. e4 Nc7 30. e5 Bd5 31. Qf4 Qf8 32. Qa4 Qa8 33. Qd7 Qc6
34. Qxf7+ Kh8 35. Qf8# 1-0

[Event "Bulgaria tch 2005 femenino"]
[Site "Sunny Beach BUL"]
[Date "2005.09.27"]
[Round "3.2"]
[White "Andreeva, Plamena"]
[Black "Genova, Liubka"]
[Result "1/2-1/2"]
[WhiteElo "2072"]
[BlackElo "2235"]
[PlyCount "60"]
[EventDate "2005.09.26"]
[EventType "tourn"]
[EventRounds "9"]
[EventCountry "BUL"]
[Source "lmi"]
[SourceDate "2005.10.02"]

1. e4 c5 2. Nc3 e6 3. Nge2 d6 4. g3 Nc6 5. Bg2 g6 6. d4 cxd4 7. Nxd4 Nxd4 8.
Qxd4 e5 9. Qd3 Be6 10. Be3 a6 11. O-O Nf6 12. h3 Qc8 13. Rfd1 h6 14. Kh2 Qc4
15. Qxc4 Bxc4 16. Na4 Bb5 17. Nc3 Bc6 18. a4 Be7 19. Rd2 Kf8 20. Bb6 Kg7 21.
Rad1 Rac8 22. Ba5 Nd7 23. Bb4 Nc5 24. b3 Rhe8 25. h4 f5 26. f3 fxe4 27. fxe4
Rf8 28. Kg1 Rf7 29. Nd5 Bd8 30. Bxc5 dxc5 1/2-1/2

[Event "Bulgaria tch 2005 femenino"]
[Site "Sunny Beach BUL"]
[Date "2005.09.27"]
[Round "3.2"]
[White "Savova, Stefka"]
[Black "Andreeva, Veronika"]
[Result "1-0"]
[WhiteElo "2211"]
[BlackElo "1905"]
[PlyCount "71"]
[EventDate "2005.09.26"]
[EventType "tourn"]
[EventRounds "9"]
[EventCountry "BUL"]
[Source "lmi"]
[SourceDate "2005.10.02"]

1. Nf3 d5 2. g3 Nf6 3. Bg2 g6 4. d3 Bg7 5. Nbd2 O-O 6. O-O c5 7. e4 Nc6 8. Re1
e5 9. c3 Re8 10. Qc2 d4 11. a3 Be6 12. Ng5 Nd7 13. Nxe6 Rxe6 14. Nf3 Rc8 15.
Bh3 Rd6 16. Bg5 f6 17. Bd2 Rc7 18. c4 a6 19. b4 Ne7 20. Rab1 Rdc6 21. b5 axb5
22. cxb5 Rd6 23. a4 Kf8 24. a5 Qe8 25. Qc4 Qf7 26. Rec1 h6 27. Nh4 h5 28. Rc2
Ng8 29. Rbc1 Nh6 30. Qxf7+ Kxf7 31. Bxd7 Rcxd7 32. Rxc5 f5 33. Nf3 fxe4 34.
Ng5+ Ke7 35. Nxe4 Re6 36. Rc7 1-0

[Event "Bulgaria tch 2005 femenino"]
[Site "Sunny Beach BUL"]
[Date "2005.09.27"]
[Round "3.2"]
[White "Bednikova, Stefi"]
[Black "Videnova, Iva"]
[Result "0-1"]
[WhiteElo "2053"]
[BlackElo "2050"]
[PlyCount "96"]
[EventDate "2005.09.26"]
[EventType "tourn"]
[EventRounds "9"]
[EventCountry "BUL"]
[Source "lmi"]
[SourceDate "2005.10.02"]

1. d4 c5 2. d5 g6 3. c4 d6 4. Nf3 Bg7 5. e4 e6 6. Be2 Ne7 7. O-O O-O 8. Qc2
exd5 9. exd5 b5 10. Nc3 bxc4 11. Bxc4 Nd7 12. Bf4 Nb6 13. Ne4 Bf5 14. Rad1 Nxc4
15. Qxc4 Bxe4 16. Qxe4 Bxb2 17. Bg5 Re8 18. Rfe1 Qd7 19. Bxe7 Bf6 20. Qf4 Bxe7
21. g3 h5 22. Ng5 Bxg5 23. Qxg5 Kg7 24. Re3 Rxe3 25. Qxe3 Re8 26. Qc3+ f6 27.
Re1 Rxe1+ 28. Qxe1 Kf7 29. Qe3 g5 30. Qe2 Qg4 31. Qd3 Kg7 32. Qb3 h4 33. Qb7+
Kg6 34. Qb1+ Qf5 35. Qd1 h3 36. f3 c4 37. g4 Qd3 38. Qxd3+ cxd3 39. Kf2 f5 40.
Ke3 fxg4 41. fxg4 Kf6 42. Kxd3 Ke5 43. Kc4 a6 44. a3 Ke4 45. a4 Kf3 46. Kd3 Kg2
47. Ke2 Kxh2 48. Kf2 a5 0-1

[Event "Bulgaria tch 2005 femenino"]
[Site "Sunny Beach BUL"]
[Date "2005.09.27"]
[Round "3.3"]
[White "Vladimirova, Maria"]
[Black "Velcheva, Maria"]
[Result "0-1"]
[WhiteElo "1953"]
[BlackElo "2274"]
[PlyCount "64"]
[EventDate "2005.09.26"]
[EventType "tourn"]
[EventRounds "9"]
[EventCountry "BUL"]
[Source "lmi"]
[SourceDate "2005.10.02"]

1. e4 c5 2. Nf3 e6 3. d4 cxd4 4. Nxd4 Nc6 5. Nc3 Qc7 6. Be2 Nf6 7. Be3 a6 8.
O-O Be7 9. f4 d6 10. Qe1 Bd7 11. Rd1 b5 12. a3 O-O 13. Qg3 Nxd4 14. Bxd4 Bc6
15. f5 e5 16. Be3 Kh8 17. Bf3 Qb7 18. Bg5 b4 19. Bxf6 Bxf6 20. axb4 Qxb4 21.
Nd5 Bxd5 22. Rxd5 Qxb2 23. Rxd6 Qxc2 24. Rfd1 a5 25. Qh3 a4 26. g4 a3 27. Qg2
Qc5+ 28. Qf2 Qxf2+ 29. Kxf2 Rfd8 30. Rxd8+ Bxd8 31. Be2 Bb6+ 32. Kf1 a2 0-1

[Event "Bulgaria tch 2005 femenino"]
[Site "Sunny Beach BUL"]
[Date "2005.09.27"]
[Round "3.3"]
[White "Ilieva, Hristina"]
[Black "Vladimirova, Diana"]
[Result "1-0"]
[WhiteElo "2137"]
[BlackElo "1771"]
[PlyCount "73"]
[EventDate "2005.09.26"]
[EventType "tourn"]
[EventRounds "9"]
[EventCountry "BUL"]
[Source "lmi"]
[SourceDate "2005.10.02"]

1. d4 Nf6 2. Nf3 g6 3. c4 Bg7 4. Nc3 O-O 5. e4 d6 6. Be2 e5 7. O-O Nc6 8. d5
Ne7 9. b4 Ne8 10. c5 f5 11. Ng5 Bf6 12. Qb3 Ng7 13. Ne6 Bxe6 14. dxe6 fxe4 15.
cxd6 cxd6 16. Nxe4 Ngf5 17. Bb2 Kh8 18. b5 Bg7 19. Rad1 Nc8 20. a4 Qe7 21. a5
Qc7 22. Qb4 Rd8 23. Ng5 Nh6 24. f4 Qe7 25. Bf3 Rf8 26. Bd5 Nf5 27. Qe4 exf4 28.
Bxg7+ Kxg7 29. Qxf4 Qc7 30. e7 Qxe7 31. Ne6+ Kh8 32. Nxf8 Qe3+ 33. Qf2 Nce7 34.
Bxb7 Rxf8 35. Qxe3 Nxe3 36. Rxf8+ Kg7 37. Re8 1-0

[Event "Bulgaria tch 2005 femenino"]
[Site "Sunny Beach BUL"]
[Date "2005.09.27"]
[Round "3.4"]
[White "Zlatanova, Emilia"]
[Black "Petkova, Veneta"]
[Result "1/2-1/2"]
[WhiteElo "2147"]
[BlackElo "1952"]
[PlyCount "63"]
[EventDate "2005.09.26"]
[EventType "tourn"]
[EventRounds "9"]
[EventCountry "BUL"]
[Source "lmi"]
[SourceDate "2005.10.02"]

1. e4 e6 2. d4 d5 3. Nc3 Bb4 4. exd5 exd5 5. Bd3 Ne7 6. Qf3 Nbc6 7. Nge2 Be6 8.
a3 Bd6 9. b4 a6 10. Be3 Qd7 11. h3 h6 12. Nf4 Bxf4 13. Qxf4 g5 14. Qf6 O-O-O
15. b5 axb5 16. Nxb5 Nf5 17. Bxf5 Bxf5 18. O-O Rdg8 19. Rfc1 Rh7 20. c4 Rg6 21.
Na7+ Nxa7 22. Qe5 Nc6 23. Qg3 g4 24. h4 Be4 25. Bf4 Nxd4 26. Qe3 Nc6 27. cxd5
Qxd5 28. Rd1 Qf5 29. Rac1 Re6 30. Qd2 Re8 31. Rc5 Qe6 32. Rc4 1/2-1/2

[Event "Bulgaria tch 2005 femenino"]
[Site "Sunny Beach BUL"]
[Date "2005.09.27"]
[Round "3.4"]
[White "Jordanova, Svetla"]
[Black "Dimitrova, Leila"]
[Result "1/2-1/2"]
[WhiteElo "2179"]
[BlackElo "2119"]
[PlyCount "43"]
[EventDate "2005.09.26"]
[EventType "tourn"]
[EventRounds "9"]
[EventCountry "BUL"]
[Source "lmi"]
[SourceDate "2005.10.02"]

1. d4 Nf6 2. c4 d6 3. Nf3 Nbd7 4. Nc3 c6 5. e4 e5 6. Be2 Be7 7. O-O O-O 8. Qc2
a6 9. Rd1 Qc7 10. a4 a5 11. h3 Re8 12. Be3 Bf8 13. Rac1 exd4 14. Nxd4 Nc5 15.
Bd3 Nxd3 16. Qxd3 Nd7 17. Nf5 Nc5 18. Bxc5 dxc5 19. Qf3 Be6 20. b3 Rad8 21. Ne2
Qe5 22. Neg3 1/2-1/2

[Event "Bulgaria tch 2005 femenino"]
[Site "Sunny Beach BUL"]
[Date "2005.09.27"]
[Round "3.4"]
[White "Draganova, Petranka"]
[Black "Doncheva, Marinela"]
[Result "1/2-1/2"]
[WhiteElo "2069"]
[BlackElo "2070"]
[PlyCount "43"]
[EventDate "2005.09.26"]
[EventType "tourn"]
[EventRounds "9"]
[EventCountry "BUL"]
[Source "lmi"]
[SourceDate "2005.10.02"]

1. e4 c5 2. Nc3 d6 3. f4 Nc6 4. Bc4 g6 5. Nf3 Bg7 6. O-O e6 7. d3 Nge7 8. Qe1
O-O 9. Ne2 d5 10. Bb3 b5 11. c3 dxe4 12. dxe4 e5 13. Be3 c4 14. Bc2 Qc7 15. Qg3
exf4 16. Bxf4 Qb6+ 17. Kh1 f5 18. Bd6 fxe4 19. Bxe4 Nf5 20. Bxf5 Rxf5 21. Nh4
Rd5 22. Nxg6 1/2-1/2